Medea and Other Plays /

Đã lưu trong:
Chi tiết về thư mục
Tác giả chính: Eurípides (autor)
Tác giả khác: Vellacott, Philip (introducción y traducción) (introducción y traducción)
Định dạng: Sách
Ngôn ngữ:Tiếng Anh
Được phát hành: Middlesex, Inglaterra : Penguin, 1963, c1963
Loạt:(Penguin Classics. Literature )
Những chủ đề:
Các nhãn: Thêm thẻ
Không có thẻ, Là người đầu tiên thẻ bản ghi này!

MARC

LEADER 00000nam^a2200000^a^4500
001 000142139
005 20250521000000.0
009 20260310095639.409
020 |a 0-14-044-129-8 
037 |a Acervo ITESO - Biblioteca 
041 |a ING 
082 |a 882.  |b EUR 
100 |a Eurípides  |e (autor) 
240 1 1 |a [Medea] 
240 1 1 |a [Electra, de Eurípides] 
240 1 1 |a [Hécuba] 
240 1 1 |a [Heracles] 
245 1 0 |a Medea and Other Plays /  |c Eurípides ; introd. y tr. por P. Vellacott. 
264 4 |a Middlesex, Inglaterra :  |b Penguin,  |c 1963, c1963 
300 |a 204 p. 
336 |a texto  |b txt  |2 rdacontenido 
337 |a sin mediación  |b n  |2 rdamedio 
338 |a volumen  |b nc  |2 rdasoporte 
440 5 |a (Penguin Classics.  |p Literature ) 
649 |a XX 
650 |a Tragedia Griega 
650 |a Teatro Griego 
650 |a Literatura Griega -  |y Siglo V a.C. 
650 |a Literatura Clásica 
740 0 |a Heracles /  |c Eurípides ; introd. y tr. por P. Vellacott. 
740 0 |a Hecabe /  |c Eurípides ; introd. y tr. por P. Vellacott. 
740 0 |a Electra /  |c Eurírpides ; introd. y tr. por P. Vellacott. 
700 |a Vellacott, Philip  |e (introducción y traducción) 
910 |a Fondo General 
920 |a Impresos - Libros 
930 |a Colección General 
940 |a Literatura 
905 |a 101 
901 |a 0500070978  |b IT1  |c LIT  |u 20250521 
902 |a https://opac.biblio.iteso.mx/vufind/Record/000142139